| 000 | 00887nam a2200337 a 4500 | ||
|---|---|---|---|
| 003 | AR-BaBNM | ||
| 005 | 20251128203904.0 | ||
| 008 | 082120s2002 ||||||||||||||000 | spa|| | ||
| 020 | _a84-7155-054-7 | ||
| 040 | _cAR-BaBNM | ||
| 100 | 0 | _aTucidides | |
| 245 | 0 | 0 |
_aHistoria de la guerra del Peloponeso _n1 |
| 260 |
_aMadrid _bHernando _c1984 |
||
| 300 |
_a333 p. _bmapas |
||
| 490 | 0 |
_aBiblioteca clásica Hernando _vv. 2 |
|
| 500 | _aContiene mapa de Grecia al comienzo del texto. | ||
| 650 | 4 | _aHISTORIA ANTIGUA | |
| 650 | 4 | _aURBANIZACION | |
| 650 | 4 | _aGUERRA | |
| 650 | 4 | _aIDEOLOGIAS | |
| 650 | 4 | _aFILOSOFIA | |
| 650 | 4 | _aDOCTRINAS POLITICAS | |
| 650 | 4 | _aSOCIEDAD | |
| 650 | 4 | _aRELIGION | |
| 650 | 4 | _aCIVILIZACIONES ANTIGUAS | |
| 650 | 4 | _aECONOMIA | |
| 651 | 4 | _aGrecia | |
| 700 | 1 |
_aRodriguez Adrados, Francisco _etraductor |
|
| 942 | _cBK | ||
| 998 | _cmariana | ||
| 999 |
_c5352 _d5352 |
||